000 00515nam a2200181Ia 4500
005 20250326125055.0
008 250326s9999 xx 000 0 und d
037 _aTextbook
040 _aFMSL
_beng
_cFMSL
041 _aeng
_2eng
084 _aX:9 L6;2
_qFMSL
100 _aDavar R S
_9240194
245 0 _aPersonnel management and industrial relationms in India
_cDavar R S
260 _aNew Delhi
_bNew Delhi, Vikas
_c1976
300 _a369p
942 _cTB
_hX:9 L6;2
999 _c1276415
_d1276415